BIBLIOTHÈQUE DE LA MAISON DU MEXIQUE

Logo 1 Logo 2

Introducción a la filosofía (notice nᵒ 12165)

détails MARC
000 -Sello discográfico
campo de control de longitud fija 00984nam a2200301 4500
005 - Identificación de versión
campo de control 20250925141635.0
035 ## - Otros números de control del sistema
Número de control del sistema 15246
099 ## - fechas locales
Tipo de ítem Koha LIBRO
100 ## - Datos de procesamiento general
Datos de procesamiento general 19930801d1971 m y1spay5003 ba
101 1# - Idioma del recurso
Idioma del texto, banda sonora, etc. Español; Castellano
Idioma de la obra original Francés
105 ## - Campo de datos codificados: Material textual, monográfico
Datos codificados de monografía y 001zy
200 1# - Título y mención de responsabilidad
Título propio Introducción a la filosofía
Designación general del material texto impreso
Primer mención de responsabilidad Jacques Maritain
Declaración de responsabilidad subsiguiente traducción de Leandro de Sesma O.C
210 ## - Publicación, distribución, etc.
Lugar de publicación, distribución, etc. Buenos Aires
Nombre del editor, distribuidor, etc. Club de Lectores
Fecha de publicación, distribución, etc. 1971
215 ## - Descripción física
Designación de material específico y extensión del ítem 240 p
Dimensiones 20 cm
300 ## - Notas generales
Texto de la nota Traducción de : Eléments de Philosophie.- I. Introduction Générale à la Philosophie
345 ## - Nota de información de adquisición
Fuente de adquisición/dirección de la suscripción [OBSOLETO] Donación
410 #1 - Series
Título Biblioteca Argentina de Filosofía
606 ## - Término temático usado como materia
Elemento de entrada Filosofía
Subdivisión temática Estudio y enseñanza
Número Koha 18774
700 ## - Nombre personal - Responsabilidad primaria
Elemento de entrada Maritain
Parte del nombre distinta del elemento de entrada Jacques
Número Koha 18787
702 ## - Nombre personal - Responsabilidad secundaria
Elemento de entrada Sesma O.C
Parte del nombre distinta del elemento de entrada Leandro de
Número Koha 18788
801 #0 - Fuente de origen
Agencia cm
900 ## -
-- 1/8900
900 ## -
-- 710934560\\010893
942 ## - ELEMENTOS DE ENTRADA SECUNDARIOS (KOHA)
Tipo de ítem Koha Livre
996 ## -
-- MEX
-- 751145101
-- MMAG
-- 004923
-- 101 M33I
-- 20210526LIV
Exemplaires
Estatus retirado Estado de daño Estado de pérdida Fecha de adquisición Biblioteca de origen Biblioteca actual Ubicación en estantería Código de barras Precio de reemplazo Signatura topográfica completa No para préstamo Tipo de ítem Koha Nota pública Nota no pública
      05/08/2025 Casa México Paris Casa México Paris   004923 05/08/2025 101 M33I   Livre 20210526LIV 751145101